| 000 | 00745nam a22002297a 4500 | ||
|---|---|---|---|
| 003 | URS | ||
| 005 | 20220421131604.0 | ||
| 020 | _a978-621-04-0005-2 | ||
| 040 |
_aURS _bEnglish _cURS _dURS _erda |
||
| 050 |
_aLB1570 _b.P289 2019 |
||
| 100 |
_aPawilen, Greg Tabios., _eauthor. |
||
| 245 |
_aThe Teacher and the school curriculum : _ba guide to curriculum development practice / _cGreg Tabios Pawilen. |
||
| 264 |
_aManila : _bREX Book Store, _c ©2019. |
||
| 300 |
_ax, 155 pages ; _c25 cm. |
||
| 336 |
_2rdacontent _atext _btxt |
||
| 337 |
_2rdamedia _aunmediated _bn |
||
| 338 |
_2rdacarrier _avolume _bnc |
||
| 504 | _aIncludes bibliographical references. | ||
| 650 | 0 | _a Curriculum planning. | |
| 650 | 0 |
_a Education _xCurricula. |
|
| 942 |
_2lcc _cF |
||
| 999 |
_c5789 _d5789 |
||